GÖKKURT (Record no. 1055872)

MARC details
000 -LEADER
sabit uzunluktaki kontrol alanı 00238nam a2200097Ia 4500
001 - KONTROL NUMARASI
kontrol alanı 1055872
005 - EN SON İŞLEMİN TARİH VE ZAMANI
kontrol alanı 20250827001350.0
008 - SABİT-UZUNLUKTA VERİ ÖĞELERİ--GENEL BİLGİ
sabit uzunluktaki kontrol alanı 250824s9999 xx 000 0 und d
245 #0 - ESER / YAZAR
ESER ADI GÖKKURT
Yazar Adı ÇAĞLAYAN YILMAZ
260 ## - YAYIN, DAĞITIM, VB.
YAYIN EVİ PANAMA YAYINLARI
Holdings
Düşüm durumu Kayıp durumu Hasar Durumu Ödünç verilmez Ana kütüphane Geçerli Kütüphane Edinilen tarih Toplam ödünç verme sayısı Barkod Son görüntüleme tarihi Son ödünç verme tarihi Fiyatın geçerli olmaya başladığı tarih Koha materyal türü
        BUHARİ ANADOLU İMAM HATİP LİSESİ BUHARİ ANADOLU İMAM HATİP LİSESİ 24.08.2025 1 10687400 07.11.2025 24.10.2025 27.08.2025 Books